Vector mechanics for engineers : dynamics (Record no. 4463)
[ view plain ]
| 000 -LEADER | |
|---|---|
| fixed length control field | 00847 a2200229 4500 |
| 020 ## - INTERNATIONAL STANDARD BOOK NUMBER | |
| International Standard Book Number | 0071214364 |
| 020 ## - INTERNATIONAL STANDARD BOOK NUMBER | |
| International Standard Book Number | 0071218297 |
| 040 ## - CATALOGING SOURCE | |
| Original cataloging agency | DLC |
| Language of cataloging | DLC |
| 082 00 - DEWEY DECIMAL CLASSIFICATION NUMBER | |
| Classification number | 620.1/054 |
| 245 00 - TITLE STATEMENT | |
| Title | Vector mechanics for engineers : dynamics |
| Remainder of title | dynamics |
| Statement of responsibility, etc. | Ferdinand P. Beer ... [et al.]. |
| 250 ## - EDITION STATEMENT | |
| Edition statement | 7th ed. |
| 260 ## - PUBLICATION, DISTRIBUTION, ETC. | |
| Place of publication, distribution, etc. | Dubuque, IA : |
| Name of publisher, distributor, etc. | McGraw-Hill/Higher Education, |
| Date of publication, distribution, etc. | c2007. |
| 300 ## - PHYSICAL DESCRIPTION | |
| Extent | xxiii, 602-1355 p. : |
| Other physical details | col. ill. ; |
| Dimensions | 27 cm. + |
| Accompanying material | 1 CD-ROM (4 3/4 in.) |
| 500 ## - GENERAL NOTE | |
| General note | Rev. ed. of: Vector mechanics for engineers. Dynamics. 7th ed. Boston : McGraw-Hill, c2004. |
| 500 ## - GENERAL NOTE | |
| General note | Includes index. |
| 650 #0 - SUBJECT ADDED ENTRY--TOPICAL TERM | |
| Topical term or geographic name entry element | Dynamics. |
| 650 #0 - SUBJECT ADDED ENTRY--TOPICAL TERM | |
| Topical term or geographic name entry element | Vector analysis. |
| 650 #0 - SUBJECT ADDED ENTRY--TOPICAL TERM | |
| Topical term or geographic name entry element | Mechanics, Applied. |
| 700 1# - ADDED ENTRY--PERSONAL NAME | |
| Personal name | Beer, Ferdinand Pierre, |
| Dates associated with a name | 1915- |
| 856 41 - ELECTRONIC LOCATION AND ACCESS | |
| Materials specified | Table of contents only |
| Uniform Resource Identifier | <a href="http://www.loc.gov/catdir/toc/ecip0610/2006008102.html">http://www.loc.gov/catdir/toc/ecip0610/2006008102.html</a> |
| 942 ## - ADDED ENTRY ELEMENTS (KOHA) | |
| Koha item type | Book |
| Call number prefix | 620.105 BEE |
| Source of classification or shelving scheme | |
| Withdrawn status | Lost status | Damaged status | Not for loan | Collection code | Permanent Location | Current Location | Shelving location | Date acquired | Source of acquisition | Cost, normal purchase price | Total Checkouts | Full call number | Barcode | Date last seen | Price effective from | Koha item type | Total Renewals | Checked out | Date last checked out |
|---|---|---|---|---|---|---|---|---|---|---|---|---|---|---|---|---|---|---|---|
| Central Library (CL) | Central Library (CL) | General Stacks | 04/01/2006 | Academic Book Company | 1794.30 | 620.105 BEE | SEECS007195 | 11/14/2012 | 01/05/2017 | Book | |||||||||
| Central Library (CL) | Central Library (CL) | General Stacks | 02/23/2006 | Progressive International Agencies | 1794.00 | 620.105 BEE | SEECS007015 | 11/14/2012 | 01/05/2017 | Book | |||||||||
| Central Library (CL) | Central Library (CL) | General Stacks | 04/01/2006 | Academic Book Company | 1794.30 | 620.105 BEE | SEECS007197 | 11/14/2012 | 01/05/2017 | Book | |||||||||
| Central Library (CL) | Central Library (CL) | General Stacks | 04/01/2006 | Academic Book Company | 1794.30 | 620.105 BEE | SEECS007196 | 09/06/2024 | 01/05/2017 | Book | 1 | ||||||||
| Central Library (CL) | Central Library (CL) | General Stacks | 04/08/2006 | Multi-Line Books | 1794.30 | 1 | 620.105 BEE | SEECS007233 | 09/13/2019 | 01/05/2017 | Book | 09/28/2019 | 09/13/2019 |
